Surveillance and Crime (Record no. 59145)

MARC details
000 -LEADER
fixed length control field 00710nam a2200181 a 4500
008 - FIXED-LENGTH DATA ELEMENTS--GENERAL INFORMATION
fixed length control field 160516s2011 ||||||||||||||||| || u
020 ## - INTERNATIONAL STANDARD BOOK NUMBER
International Standard Book Number 9781847873538
050 ## - LIBRARY OF CONGRESS CALL NUMBER
Classification number HV 7936.T4 Col
100 ## - MAIN ENTRY--PERSONAL NAME
Personal name Coleman, Roy
245 10 - TITLE STATEMENT
Title Surveillance and Crime
Statement of responsibility, etc. By Roy Coleman & Michael McCahill
260 ## - PUBLICATION, DISTRIBUTION, ETC.
Place of publication, distribution, etc. Singpore
Name of publisher, distributor, etc. SAGE Punblications Asia-Pacific Pte LTD
Date of publication, distribution, etc. 2011
350 ## - PRICE (NR) (BK AM CF MU VM SE) [OBSOLETE]
Price 57.00
650 ## - SUBJECT ADDED ENTRY--TOPICAL TERM
Topical term or geographic name entry element ELECTRONIC SURVEILLANCE--SOCIAL ASPECTS
650 ## - SUBJECT ADDED ENTRY--TOPICAL TERM
Topical term or geographic name entry element CRIME
650 ## - SUBJECT ADDED ENTRY--TOPICAL TERM
Topical term or geographic name entry element ELECTRONIC SURVEILLANCE
650 ## - SUBJECT ADDED ENTRY--TOPICAL TERM
Topical term or geographic name entry element POLICE PATROL--SURVEILLANCE OPERATIONS
995 ## - RECOMMENDATION 995 [LOCAL, UNIMARC FRANCE]
-- CBU-MAIN LIBRARY (Kitwe)
-- 57.00
-- 1
-- AVAILABLE
-- May 17, 2016
-- Main Library Open Access Collection
Holdings
Withdrawn status Lost status Source of classification or shelving scheme Damaged status Not for loan Home library Current library Shelving location Date acquired Total Checkouts Full call number Barcode Date last seen Price effective from Koha item type
          CBU-MAIN LIBRARY, KITWE. CBU-MAIN LIBRARY, KITWE.   11/30/2022   HV 7936.T4 Col 745753 11/30/2022 11/30/2022 MONOGRAPH